Géographie en E - Statistiques

Statistiques générales
  • Ce quiz a été pris 262 fois
  • Le résultat moyen est 16 sur 20
Statistiques - réponses
Hint Réponse % Correct
Pays ensoleillé d’Europe, célèbre pour ses tapas et ses clubs de football Espagne
100%
Ligne imaginaire séparant les deux pôles Équateur
99%
Monument symbole de la ville de Paris Tour Eiffel
98%
Pays du Nord de l'Afrique populaire pour ses pyramides Égypte
97%
Monnaie commune à 20 pays Euro
97%
Plus haut sommet du Monde Everest
97%
Deuxième pays africains le plus peuplés, connus pour ses marathoniens Éthiopie
93%
Ville française au bord du Léman, célèbre pour son eau minérale Évian-les-Bains
93%
Capitale écossaise au château perché, connue pour son festival culturel Édimbourg
92%
Volcan actif en Sicile Etna
92%
Pays du Moyen-Orient comptant la plus haute tour du monde Émirats arabes unis
90%
Mer située entre le Grèce et la Turquie Mer Égée
90%
Gratte-ciel situé dans l'arrondissement de Manhattan Empire State Building
70%
Petit pays nordique numérique, pionnier de l’e-gouvernement Estonie
70%
Département français comptant Chartres comme chef-lieu Eure-et-loir
68%
Capitale de l’Arménie, dominée par le mont Ararat Erevan
67%
Fleuve du Moyen-Orient très ancien Euphrate
61%
Grand fleuve qui traverse l’Allemagne Elbe
51%
Ville néerlandaise innovante, berceau de Philips et du design industriel Eindhoven
38%
Point culminant de l'Europe Elbrouz
30%
Aucun quiz correspondant
Distribution des résultats
% des personnes avec chaque résultat
Percentile par nombre de réponses
Votre historique - résultats
Vous n’avez pas pris ce quiz